02346cam a22003374a 4500999001700000001000900017005001700026008004100043010001700084020004300101040001800144043001200162050003000174082000700204100002700211245012600238260012700364300004800491500016100539504005100700505058300751520032001334650003401654651003901688700002301727710002701750710003401777906004501811942003101856952012101887 c17361d173611546470120161123144739.0080925s2009 txuab bc 001 0 eng  a 2008042384 a9780300146967 (hardcover : alk. paper) aDLCcDLCdDLC aa-vt---00aN7314.T46 2009b.T46 2009002221 aTingley, Nancy,d1948-10aArts of ancient Viet Nam :bfrom river plain to open sea /cNancy Tingley ; with essays by Andreas Reinecke ... [et al.]. aHouston :bAsia Society and The Museum of Fine Arts, Houston ;aNew Haven :bDistributed by Yale University Press,cc2009. axi, 356 p. :bcol. ill., col. map ;c30 cm. aPublished to accompany an exhibition held at the Museum of Fine Arts, Houston, Sept. 13, 2009-Jan. 3, 2010, and Asia Society and Museum, Feb. 3-May 2, 2010. aIncludes bibliographical references and index.0 aIntroduction / Nancy Tingley -- Early cultures (first millennium B.C. to second century A.D.) / Andreas Reinecke -- Catalogue / Nancy Tingley -- The archaeology of Fu Nan in the Mekong River Delta : the Oc Eo culture of Viet Nam / Pierre-Yves Manguin -- Catalogue / Nancy Tingley -- Champa : Riverine polities, ports of call / Nancy Tingley -- Catalogue / Nancy Tingley -- Trade and exchange in the sixteenth-eighteenth centuries through the prism of Hoi An / Kerry Nguyen-Long -- Catalogue / Nancy Tingley -- Appendix. Ceramics from shipwrecks off Viet Nam / Nguyen Dinh Chien. a"Explores Viet Nam's rich heritage, from the Sa Huynh culture (1st millennium B.C.) to art from Hoi An. The authors discuss links between Viet Nam and Indonesia, reflected in the Hindu and Buddhist temples and stone sculptures, and investigate trade in gold and Chinese ceramics with Butuan"--Provided by publisher. 0aArt, VietnamesevExhibitions. 0aVietnamxAntiquitiesvExhibitions.1 aReinecke, Andreas.2 aAsia Society.bMuseum.2 aMuseum of Fine Arts, Houston. a7bcbccorignewd1eecipf20gy-gencatlg 2lcccBOOKShN7314.T46 2009 00102lcc4070aMUCbMUCcGENd2016-11-23eDonation(B.F.A)l0oN7314.T46 2009p28181r2019-05-30w2016-11-23yBOOKS